Statistics for Norway by Picture

Click here to take the quiz!

General Stats

  • This quiz has been taken 799 times
  • The average score is 6 of 16

Answer Stats

Answer% Correct
Vikings
93%
Fjord
82%
The Scream
80%
Scandinavia
56%
Sami people
50%
King Harald V
40%
North Cape
34%
Lofoten
33%
Ole Einar Bjørndalen
26%
Trolltunga
26%
Hurtigruten
23%
Longyearbyen
21%
Stave church
21%
Bryggen
19%
Rorbu
6%
Stockfish
6%

Score Distribution

Percentile by Number Answered

Percent of People with Each Score

Your Score History

You have not taken this quiz